000 01567nam a2200397 i 4500
001 8164
003 BPK
005 20200210084548.0
008 950505s1958 pl f 000 0 pol
040 _cKOSZ 005/HR
_aKOSZ 005/HR
_dKOSZ 005/HR
041 _apol
046 _k1958
080 _a626
080 _a627
080 _a(083)
245 0 0 _aTablice inżynierskie.
_nT. 5,
_pBudownictwo wodne : hydraulika, hydrologia, meteorologia , melioracje, regulacja rzek, drogi wodne, gospodarka wodna /
_cpod red. Stanisława Bryla i Konstantego Lisowskiego ; oprac. Marian Franczuk, Stanisław Orlewicz, Adam Radzikowski.
246 3 0 _aBudownictwo wodne : hydraulika, hydrologia, meteorologia , melioracje, regulacja rzek, drogi wodne, gospodarka wodna
260 _aPoznań :
_bPaństwowe Wydawnictwo Naukowe,
_c1958.
300 _a1202 s. :
_bil. ;
_c25 cm.
380 _aKsiążki
388 _a1901-2000
504 _aBibliogr. s. 1152-1159.
650 4 _aHydrologia
658 _aInżynieria i technika
650 4 _aGospodarka wodna
650 4 _aHydrotechnika
655 4 _aTablice i wzory
650 4 _aRzeki
700 1 _aLisowski, Stanisław.
_eRedakcja
700 1 _aFranczuk, Marian.
_eOpracowanie
700 1 _aOrlewicz, Stanisław.
_eOpracowanie
700 1 _aRadzikowski, Adam.
_eOpracowanie
700 1 _aBryl, Stanisław
_d(? - 1995)
_eRedakcja
856 _uhttp://koha.tu.koszalin.pl/cgi-bin/koha/opac-detail.pl?biblionumber=8164
_yKatalog online BPK
942 _cKS
_2UKD
999 _c8164
_d8164